00505nam a2200157 i 450000100060000000300090000600700030001500800410001810000220005924501150008126000330019630000220022949000320025183000320028385200320031527611ES-MaACLt|030115s1983 sp ||||1| spa d1 aAraya, Guillermo.13aEl pensamiento de Américo Castro b: estructura intercastiza de la historia de España / cGuillermo Araya. aMadrid : bAlianza, c[1983] a328 p. ; c20 cm.1 aAlianza universidad ; v3480 aAlianza universidad ; v348 aES-MaACLjL-5391 bR.105870